00468 2200193 4500001002100000005001500021007000300036008004100039020002200080035002000102082000800122084001400130100000900144245003300153260004400186300001700230650001000247856001700257INLIS00000000000815820260126093952ta260126 0 ind  a978-602-376-674-1 a0010-0126000155 a300 a300 ARI p0 aARIS1 aPENGANTAR ILMU HUKUM /cARIS aYogyakarta :bPustaka Baru press,c2024 a176 ;c24cm. 4aHUKUM aALUMNI HUKUM